01423nam0a22002291 4500001001500000005001700015035002600032100004100058101000800099102000700107105001800114200064700132210006100779215001200840300004500852300013600897700007301033801001801106801002201124801002701146852002001173v19\rc\180274920251118180034.3 a(NLR Aleph) 004937897 a20071224d1906 u y0rusy50 ca0 arus aRU ay z |||||1 aБлаговестие мираe[Раскрытие веч. истин]e"Новое слово": 1) О творческих законах; 2) о строении и жизни вселенной; 3) о земле как организме; 4) об анатомических элементах земного мира; 5) об эмбриональном состоянии земного организма; 6) о предстоящем "рождении" этого организма; 7) о нравственных основах жизни и т. д.eУчение философскоеfСост. Ф. Палеолог [псевд.] aСанкт-ПетербургcФ.К. Грековd1906 a232 с. aПеред загл.: Извещение aАвт. установлен по изд.: Масанов И.Ф. Словарь псевдонимов... М., 1957. Т. 2. С. 351 1aГрековbФ.К.f1849-gФедор Константинович 0aRUbNLRgpsbo 0aRUbRuMoRGB2psbo 1aRUbProSoft-M2rusmarc aNLRj38.12.8.17